01015nam a2200241 a 450000100060000000300090000600800410001502000150005604000280007108200140009910000270011324500360014025000060017626000470018230000110022959000490024065000420028994200120033199900170034395201610036095201250052195201270064618626CO-ViMGA141112s2004 ck r 000 u spa d a8434222434 aCO-ViMGAbspacCO-ViMGA04a752 C151t1 aCanal, Fernanda91965010aTodo sobre la tecnica del color a2 aBarcelona (España), cParramón, c2002 a144.p. aForma de adquisición : Premio - Mincultura14aCOLOR - TECNICAS - ENSEÑANZA926522 2ddccBK c27879d27879 00102ddc40708003aMEVIECARbMEVIECARd2015-12-04hVolumen. 1 | 11/jun/2009l1o752 C151t p18626r2023-02-23 00:00:00s2018-02-15tEj. 1w2015-12-04yBK 00102ddc4070aMEVHERMObMEVHERMOd2024-03-06k752T62 EJ1l0o752pVIS00974r2024-03-06 18:37:23tEj.1w2024-03-06yBK 00102ddc40708GENaMECUMARAbMECUMARAcLITd2024-06-18l0o752B71tpCUM00641r2024-06-18 10:54:00tEj.1w2024-06-18yBK